New Zealand Rugby All Blacks - 100% Record - Statistics

General Stats
  • This quiz has been taken 78 times
  • The average score is 9 of 12
Answer Stats
Times Faced Team % Correct
5 Tonga
96%
5 Fiji
94%
6 Samoa
93%
3 Japan
86%
1 Georgia
81%
13 Italy
81%
3 USA
79%
5 Canada
78%
1 Namibia
75%
2 Romania
74%
1 Portugal
61%
1 Pacific Islanders
11%
No matching quizzes found
Score Distribution
Percent of People with Each Score
Percentile by Number Answered
Your Score History
You have not taken this quiz